000 00654nam a2200217Ia 4500
005 20250507130327.0
008 008 250505s9999 xx 000 0 eng d
020 _a0824823990; 9780824823993
037 _aAnnuals, Advances
040 _aEASL
_beng
_cEASL
041 _aeng
_2eng
084 _aR842Oj5, P1
_qEASL
100 _aMarra Michael F.
245 0 _aHistory of Modern Japanese Aesthetics
260 _aUSA
_bHonolulu University of Hawai'i press
_c2001
300 _ax,398p.
365 _b7848.00
650 _aAesthetics - Japanese; JEL
_9755183
942 _cTEXL
_hR842Oj5, P1
999 _c1319031
_d1319031